| 000 | 00627nam a2200229 a 4500 | ||
|---|---|---|---|
| 001 | 53930 | ||
| 003 | BD-RjUL | ||
| 005 | 20211209080039.0 | ||
| 008 | 161029s1964 ii 001 0 eng d | ||
| 035 | _a(BD-RjUL)54052 | ||
| 040 |
_beng _dBD-RjUL _aBD-RjUL _cBD-RjUL |
||
| 041 | _aeng | ||
| 082 |
_a 657.2 _223 _bBAB 1964 |
||
| 100 | 1 |
_aBanerjee, H. _947801 |
|
| 245 | 1 | 0 |
_aBook-keeping and accountancy / _cH. Banerjee |
| 250 | _a14th, ed. | ||
| 260 |
_aCalcutta : _bBanerjee & Co., _c1964. |
||
| 300 |
_aviii, 1154 p. ; _c23 cm. |
||
| 504 | _aIncludes Index. | ||
| 650 |
_aBookkeeping Accounting. _947802 |
||
| 942 |
_2ddc _cBK |
||
| 999 |
_c53930 _d53930 |
||